| 000 | 00484nam a22001697a 4500 | ||
|---|---|---|---|
| 003 | BD-ChCU | ||
| 005 | 20260125113352.0 | ||
| 008 | 260125b bg ||||| |||| 00| 0 ben d | ||
| 040 | _cBD-ChCU | ||
| 082 | _a686.2325 SWS | ||
| 100 |
_aSwerdlow, Robert M. _919618 |
||
| 245 |
_aThe step-by-step guide to photo-off set lithography.// _cRobert M. Swerdlow. |
||
| 260 |
_aNew Jersey _bPrentice-Hall. _c1982 |
||
| 300 | _axi, 258p | ||
| 650 | 0 |
_aPhotography. _919619 |
|
| 942 |
_2ddc _cBK _n0 |
||
| 999 |
_c111243 _d111243 |
||